Date Importanti nella Storia - #1 - Statistics

Statistiche generali
  • Questo quiz è stato fatto 243 volte
  • Il punteggio medio è 8 su 15
Statistiche sulle risposte
Evento Data % Corretto
Scoperta dell'America 12 Ottobre 1492
68%
Invasione nazista della Polonia/Inizio della Seconda Guerra Mondiale 1 Settembre 1939
66%
Presa della Bastiglia/Inizio della Rivoluzione Francese 14 Luglio 1789
64%
Sgancio della bomba atomica su Hiroshima 6 Agosto 1945
64%
Assassinio di Giulio Cesare 15 Marzo 44 a.C.
62%
Avvento dell'Euro 1 Gennaio 2002
62%
Fondazione di Roma 21 Aprile 753 a.C.
61%
Unità d'Italia 17 Marzo 1861
60%
Dichiarazione d'Indipendenza degli Stati Uniti 4 Luglio 1776
58%
Morte di Napoleone 5 Maggio 1821
58%
Neil Armstrong e Buzz Aldrin camminano sulla Luna/Primo allunaggio 20 Luglio 1969
46%
Assassinio di John F. Kennedy 22 Novembre 1963
35%
Crollo della BORSA di Wall Street 29 Ottobre 1929
31%
Elezione di Barack Obama 4 Novembre 2008
15%
Nascita di Confucio 28 Settembre 551 a.C.
4%
Nessun quiz corrispondente trovato
Distribuzione punteggi
Percentuale di utenti per punteggio
Percentile per numero di risposta
I tuoi punteggi nel tempo
Non hai fatto questo quiz